| 000 | 00738cab a2200181 4500 | ||
|---|---|---|---|
| 001 | ##L132758 | ||
| 008 | 060307n2006 000 0 eng u | ||
| 035 | _a(Sirsi) u132758 | ||
| 041 | 0 | _aeng | |
| 245 | 0 | 0 |
_aKey Data _bINREV |
| 260 | _c2006 | ||
| 490 | 0 |
_aEuroProperty _v3 March 2006, 73(1) |
|
| 520 | _aThe INREV database of unlisted funds had increased to 460 vehicles. Of the 18 new vehicles added. seven were value-added, six were core, and five were opportunity. German open-end funds are still the major component of the database, with a total gross asset value of 103.4bn Euros. | ||
| 590 | _aIKA140306 | ||
| 650 | 2 | 4 | _aGERMAN |
| 690 | _aPROPERTY-COMMERCIAL PROPERTY-COMMERCIAL PROPERTY FINANCE AND INVESTMENT | ||
| 942 | _n0 | ||
| 999 |
_c76609 _d76609 |
||